[Event "Krakow op-A 29th"]
[Site "Krakow"]
[Date "2018.12.28"]
[Round "2"]
[White "Heinzel, Olaf"]
[Black "Popiol, Michal"]
[Result "0-1"]
[WhiteElo "2326"]
[BlackElo "2169"]
[PlyCount "36"]
[EventDate "2018.12.27"]
[EventType "swiss"]
[EventRounds "9"]
[EventCountry "POL"]
[SourceTitle "CBM 189 Extra"]
[Source "ChessBase"]
[SourceDate "2019.05.31"]
[SourceVersion "1"]
[SourceVersionDate "2019.05.31"]
[SourceQuality "1"]

1. d4 d5 2. Bf4 Nf6 3. e3 c5 4. Nc3 cxd4 5. exd4 a6 6. Nf3 e6 7. Bd3 Nc6 8. 0-0 Bd6 9. Qd2 0-0 10. Ne2 b5 11. a4 b4 12. Ng3 a5 13. Bg5 Ba6 14. Ne5 Nxe5 15. dxe5 Bxe5 16. Bxa6 Rxa6 17. Qe2 Qd6 18. Rad1 Raa8 0-1

[Event "Krakow op-A 29th"]
[Site "Krakow"]
[Date "2018.12.27"]
[Round "1"]
[White "Popiol, Michal"]
[Black "Lewicki, Miroslaw"]
[Result "1/2-1/2"]
[WhiteElo "2169"]
[BlackElo "2347"]
[PlyCount "84"]
[EventDate "2018.12.27"]
[EventType "swiss"]
[EventRounds "9"]
[EventCountry "POL"]
[SourceTitle "CBM 188 Extra"]
[Source "ChessBase"]
[SourceDate "2019.02.28"]
[SourceVersion "1"]
[SourceVersionDate "2019.02.28"]
[SourceQuality "1"]

1. d4 Nf6 2. c4 e6 3. Nf3 b6 4. a3 Bb7 5. Nc3 Be7 6. d5 0-0 7. e4 exd5 8. cxd5 Re8 9. Bd3 c6 10. 0-0 cxd5 11. exd5 d6 12. Nd4 g6 13. Bb5 Nbd7 14. Nc6 Qc7 15. Nxe7+ Rxe7 16. Bg5 Re5 17. f4 Re3 18. Qd4 Qc5 19. Qxc5 bxc5 20. f5 Re5 21. Bxf6 Nxf6 22. fxg6 Kg7 23. gxf7 Nxd5 24. Be8 Kf8 25. Nxd5 Bxd5 26. Rad1 Rb8 27. Rd2 Bc4 28. Rc1 d5 29. Rc3 Re1+ 30. Kf2 Rb1 31. b4 Rf1+ 32. Kg3 cxb4 33. axb4 Rxb4 34. Ra3 a6 35. Ra5 h5 36. Bc6 h4+ 37. Kh3 Rf4 38. Bxd5 Rb3+ 39. g3 Bf1+ 40. Bg2 Bc4 41. Rd8+ Kxf7 42. Bd5+ Bxd5 1/2-1/2

[Event "POL-chT 2nd League"]
[Site "Jastrzebia Gora"]
[Date "2018.09.09"]
[Round "9.4"]
[White "Jedryczka, Krystian"]
[Black "Popiol, Michal"]
[Result "1-0"]
[WhiteElo "2201"]
[BlackElo "2182"]
[PlyCount "167"]
[EventDate "2018.09.01"]
[EventType "team-swiss"]
[EventRounds "9"]
[EventCountry "POL"]
[SourceTitle "CBM 186 Extra"]
[Source "ChessBase"]
[SourceDate "2018.08.24"]
[SourceVersion "1"]
[SourceVersionDate "2018.08.24"]
[SourceQuality "1"]
[WhiteTeam "Plock Hetman"]
[BlackTeam "Nowy Sacz Sandecja"]
[WhiteTeamCountry "POL"]
[BlackTeamCountry "POL"]

1. e4 c5 2. Nf3 d6 3. d4 cxd4 4. Nxd4 Nf6 5. Nc3 a6 6. Be3 e5 7. Nb3 Be7 8. f3 Be6 9. g4 0-0 10. g5 Ne8 11. Qd2 a5 12. 0-0-0 Nc7 13. Kb1 a4 14. Nc1 a3 15. b3 Nc6 16. h4 Nb4 17. Nd3 Nxd3 18. Qxd3 Na6 19. Nd5 Bxd5 20. Qxd5 Qc8 21. Bc4 Nc7 22. Qd2 b5 23. Be2 Rd8 24. c4 Qb7 25. Qb4 Bf8 26. cxb5 d5 27. Bc5 Bxc5 28. Qxc5 Ne6 29. Qc6 Qxc6 30. bxc6 Nd4 31. Bd3 Nxc6 32. exd5 Nd4 33. Rhf1 Rab8 34. Bc4 Nf5 35. Rde1 Re8 36. Rh1 Rb4 37. Rh2 Nd6 38. Rc2 f5 39. gxf6 gxf6 40. Kc1 Rc8 41. h5 Nxc4 42. Re4 f5 43. Rexc4 Rcb8 44. Rg2+ Kf7 45. h6 e4 46. fxe4 fxe4 47. Re2 R4b5 48. Rexe4 Rxd5 49. Rc7+ Kg6 50. Re6+ Kh5 51. Ra6 Rbd8 52. Rxa3 Kxh6 53. Ra6+ Kg5 54. Rxh7 Rc8+ 55. Kb2 Rd2+ 56. Ka3 Rcc2 57. Re6 Rxa2+ 58. Kb4 Rd3 59. Kc4 Rad2 60. b4 Rd4+ 61. Kc5 R4d3 62. Rf7 Rc3+ 63. Kb6 Rb3 64. Re5+ Kg6 65. Rf4 Rd8 66. Kc7 Rbd3 67. b5 R3d7+ 68. Kc6 Ra7 69. b6 Rc8+ 70. Kb5 Rb7 71. Rc5 Rcb8 72. Rc6+ Kg5 73. Rf1 Kg4 74. Ka6 Kg5 75. Rb1 Kf5 76. Rc7 Rxc7 77. bxc7 Rxb1 78. c8Q+ Kf6 79. Qc3+ Kf7 80. Qf3+ Kg7 81. Qg4+ Kf6 82. Qf4+ Kg7 83. Qg5+ Kh8 84. Qh6+ 1-0

[Event "POL-chT 2nd League"]
[Site "Jastrzebia Gora"]
[Date "2018.09.05"]
[Round "6.2"]
[White "Fiedorek, Michal"]
[Black "Popiol, Michal"]
[Result "0-1"]
[WhiteElo "2186"]
[BlackElo "2182"]
[PlyCount "178"]
[EventDate "2018.09.01"]
[EventType "team-swiss"]
[EventRounds "9"]
[EventCountry "POL"]
[SourceTitle "CBM 186 Extra"]
[Source "ChessBase"]
[SourceDate "2018.08.24"]
[SourceVersion "1"]
[SourceVersionDate "2018.08.24"]
[SourceQuality "1"]
[WhiteTeam "Wroclaw Polonia"]
[BlackTeam "Nowy Sacz Sandecja"]
[WhiteTeamCountry "POL"]
[BlackTeamCountry "POL"]

1. e4 c5 2. Nf3 d6 3. d4 cxd4 4. Nxd4 Nf6 5. Nc3 a6 6. Be3 e5 7. Nf3 Be7 8. Bc4 0-0 9. 0-0 Be6 10. Bb3 Nc6 11. Qe2 Na5 12. Rfd1 Nxb3 13. axb3 Qc7 14. Bg5 Ne8 15. Bxe7 Qxe7 16. Qd2 Rc8 17. Ne1 f5 18. exf5 Bxf5 19. Nd5 Qf7 20. c3 Kh8 21. Nc2 Nf6 22. Nce3 Nxd5 23. Nxd5 Be6 24. Ra5 b5 25. f3 Rc5 26. Ne3 Rc6 27. b4 d5 28. Nc2 Qc7 29. Ne1 d4 30. cxd4 Rd8 31. Qe3 exd4 32. Qg5 Bb3 33. Rd3 Bc4 34. Rd2 d3 35. Qg3 Qe7 36. Ra1 Rg6 37. Qf2 Qxb4 38. Rad1 Rgd6 39. Qe3 Bb3 40. Rc1 Re6 41. Qf2 Red6 42. Qe3 Bc4 43. Rcd1 h6 44. g4 Qb3 45. h4 Bg8 46. h5 Bh7 47. Rc1 Re6 48. Qf2 Rde8 49. Nxd3 Bxd3 50. Rc3 Re1+ 51. Kg2 Bf1+ 52. Qxf1 Qxc3 53. Qxe1 Qxf3+ 54. Kxf3 Rxe1 55. Rd8+ Kh7 56. Rd6 Ra1 57. b4 Ra4 58. Rb6 Kg8 59. Kg3 Kf7 60. Kf3 Ke7 61. Kg3 Kf7 62. Kf3 Ke7 63. Kg3 Rxb4 64. Rxa6 Rb1 65. Rb6 b4 66. Kg2 b3 67. Kh2 b2 68. Kg2 Kd7 69. Kh2 Kc7 70. Rb5 Kc6 71. Rb8 Kd5 72. Rb4 Kc5 73. Rb8 Kd4 74. Kg2 Ke4 75. Rb3 Kf4 76. Rb4+ Kg5 77. Kh2 Kh4 78. Kg2 Rc1 79. Rxb2 Rc4 80. Kf3 Rxg4 81. Rh2+ Kg5 82. Rh1 Rh4 83. Rg1+ Kf6 84. Rg6+ Kf7 85. Ra6 Rxh5 86. Kg4 Rg5+ 87. Kf4 Rb5 88. Ra7+ Kg6 89. Ra6+ Kh5 0-1

[Event "Suwalki Warakomska Memorial 2nd"]
[Site "Suwalki"]
[Date "2018.08.03"]
[Round "4"]
[White "Sliwerski, Radoslaw"]
[Black "Popiol, Michal"]
[Result "0-1"]
[WhiteElo "2011"]
[BlackElo "2126"]
[PlyCount "84"]
[EventDate "2018.08.01"]
[EventType "swiss"]
[EventRounds "9"]
[EventCountry "POL"]
[SourceTitle "CBM 185 Extra"]
[Source "ChessBase"]
[SourceDate "2018.07.29"]
[SourceVersion "1"]
[SourceVersionDate "2018.07.29"]
[SourceQuality "1"]

1. d4 Nf6 2. c4 g6 3. g3 Bg7 4. Bg2 0-0 5. Nc3 d6 6. Nf3 Nc6 7. 0-0 Bf5 8. Ne1 Qd7 9. e4 Bh3 10. Nc2 e5 11. d5 Ne7 12. f3 Nh5 13. Be3 Bxg2 14. Kxg2 f5 15. Qd2 Nf6 16. h3 c5 17. Bh6 a6 18. a4 Nh5 19. Bxg7 Kxg7 20. Rg1 f4 21. g4 Ng3 22. Ne1 h5 23. Nd3 hxg4 24. hxg4 g5 25. Nf2 Ng6 26. Nh1 Nxh1 27. Rxh1 Rh8 28. Qf2 Qc7 29. Rxh8 Rxh8 30. Rh1 Nh4+ 31. Kf1 Qb6 32. Qe2 Qb3 33. Kf2 Ng6 34. Rxh8 Nxh8 35. Kf1 Ng6 36. Kg1 Nh4 37. Kf2 Kf6 38. Kg1 Ke7 39. Kf2 Kd7 40. Kg1 Kc7 41. Kf2 Kb6 42. Qd2 Qxc4 0-1